000
00319nam a22001217a 4500
008
160512b xxu||||| |||| 00| 0 eng d
020
_a
9780671027261
020
_a
0671027263
041
_a
eng
080
_a
61
245
_a
Merck manual of medical information:
_c
Robert Berkow M.D. ;Mark H Beers M.D.;
942
_2
udc
_c
BK
999
_c
2086
_d
2086